000 00687nam a2200253Ia 4500
003 OSt
005 20220918191822.0
006 a|||||r|||| 00| 0
007 ta
008 220917b |||||||| |||| 00| 0 eng d
024 _a65,291
037 _cTextual
040 _aARTS
_cARTS
_beng
041 _2eng
_aeng
082 _aR1z7, K7
100 _aCopi Irvning M.
_977282
245 0 _aContemporary readings in logical theory
260 _aNew York
_bMacmillan Company USA
_c1967
300 _a342p.
_ccm.
650 _aPHILOSOPHY
700 _a Gould James A.
_919440
942 _hR1z7, K7
_cTEXL
_2CC
999 _c191541
_d191541